00461nam a2200193Ia 4500003000900000008004100009040001300050040001300063041000800076100002200084245007200106250000900178260002100187260000900208300001100217300001000228490002300238490000600261IT-RoPAU120407s9999 xx 000 0 und d aIT-RoPAU cIT-RoPAU aita aGregorius Magnus a"Il primo libro delle omelie sui Vangeli. Vers. it. di G. Barbero." aAlba aEdizioni Paoline c1943 a263 p. c18 cm aFiore dei Padri,20 v1